Incorporation of a preservative in particleboard: Properties and durability (Record no. 47855)

MARC details
000 -LEADER
fixed length control field 00463nam a2200157Ia 4500
100 ## - MAIN ENTRY--AUTHOR NAME
Personal name Zaidon A
245 #0 - TITLE STATEMENT
Title Incorporation of a preservative in particleboard: Properties and durability
260 ## - PUBLICATION, DISTRIBUTION, ETC. (IMPRINT)
Name of publisher Pertanika Journal of Tropical Agricultural Science
Year of publication 1998
300 ## - PHYSICAL DESCRIPTION
Number of Pages 83-92
500 ## - GENERAL NOTE
General note CAB CD 1998/08-2000/07
700 ## - ADDED ENTRY--PERSONAL NAME
Personal name Nor Yuziah M Y
700 ## - ADDED ENTRY--PERSONAL NAME
Personal name Paridah M T
700 ## - ADDED ENTRY--PERSONAL NAME
Personal name Rayehan H
942 ## - ADDED ENTRY ELEMENTS (KOHA)
Koha item type Bibliography RLWO
Holdings
Withdrawn status Lost status Damaged status Not for loan Home library Current library Date acquired Serial Enumeration / chronology Koha item type
      Bibliography RRII Library RRII Library 31/12/2021 Volume 21, Issue 2 Bibliography RLWO